| 000 | 01247nam a22002777a 4500 | ||
|---|---|---|---|
| 999 |
_c63581 _d63581 |
||
| 005 | 20240530110648.0 | ||
| 008 | 171114s2015 ua a g 000 0 ara d | ||
| 017 |
_a2007/9279 _bمصر. دار الكتب |
||
| 020 | _a9773372871 | ||
| 040 |
_aEG-CaGPL _cEG-CaGPL |
||
| 082 | 0 | 4 |
_221 _a658.3124 / _bخ د |
| 110 | 0 | _aخبراء مركز الخبرات المهنية للادارة بميك | |
| 245 | 1 | 0 |
_aدعم الالتزام والعمل من صميم القلب / _cاعداد المادة العلمية خبراء مركز الخبرات المهنية للادارة بميك ؛ عبدالرحمن توفيق |
| 260 |
_aالقاهرة : _bمركز الخبرات المهنية للادارة (ببميك) ، _c2015. |
||
| 300 |
_a53 ص. : _bايض ؛ _c32 سم. |
||
| 490 | 0 |
_aالمناهج التدريبية ؛ _v116 |
|
| 650 | 0 | 7 |
_2qrmak _aالتدريب |
| 650 | 0 | 7 |
_2qrmak _aالدورات التدريبية |
| 650 | 0 | 7 |
_2qrmak _aالتوجية الادارى |
| 650 | 0 | 7 |
_2qrmak _aالادارة |
| 650 | 0 | 7 |
_2qrmak _aالعمل والعمال _xخبرات ومهارات |
| 651 | _2qrmak | ||
| 700 | 0 |
_aعبدالرحمن توفيق _eمستشار |
|
| 942 |
_2ddc _cBK |
||